| 000 | 00676nam a22001577a 4500 | ||
|---|---|---|---|
| 008 | 160525b xxu||||| |||| 00| 0 eng d | ||
| 082 |
_22010 _aUT 0209 _bT59 |
||
| 100 |
_98916 _aTomakin, Juvy Love R. |
||
| 245 |
_aStudent's satisfaction on the services of the University of Mindanao Digos College school canteen _cJuvy Love R. Tomakin, Aries Paul L. Ramada and Dinah Fe P. Apitan. |
||
| 260 |
_aDigos City: _bUMDC _cMarch 2010. |
||
| 300 |
_a47 pages; _c28 cm. |
||
| 650 | 0 |
_98915 _aBusiness Administration _vHuman Resource Management _vFinancial Management _xUndergraduate thesis. |
|
| 700 |
_98913 _aRamada, Aries Paul L. |
||
| 700 |
_98914 _aApitan, Dinah Fe P. |
||
| 942 |
_2ddc _cUT |
||
| 999 |
_c2701 _d2701 |
||